Sentencias de sabiduría. /
Guardado en:
| Autor Principal: | |
|---|---|
| Otros Autores: | |
| Formato: | Libro |
| Idioma: | Undetermined |
| Publicado: |
Madrid :
Intituto editorial Reus,
1950.
|
| Materias: | |
| Etiquetas: |
Agregar Etiqueta
Sin Etiquetas, Sea el primero en etiquetar este registro!
|
| LEADER | 00575nam a22001695a 4500 | ||
|---|---|---|---|
| 001 | EHU.bham047752 | ||
| 005 | 20110803154009.0 | ||
| 008 | 110803s1950####sp############000#0#und#d | ||
| 100 | 1 | |a Duarte, Julio Ernesto. | |
| 245 | 0 | 0 | |a Sentencias de sabiduría. / |c Julio Ernesto Duarte; prólogo del maestro Guillermo Valencia. |
| 260 | |a Madrid : |b Intituto editorial Reus, |c 1950. | ||
| 300 | |a 300 p. | ||
| 653 | |a Literatura. | ||
| 653 | |a Aforismo. | ||
| 653 | |a Retórica. | ||
| 700 | 1 | |a Valencia, Guillermo., |e pról. | |
| 859 | |a AR-BHAM |b BIB. HUMANIDADES - Donacion Lejarraga |h MFN001971 |p 001971.19 | ||
